Multivariate data analysis / (Record no. 21867)

MARC details
000 -LEADER
fixed length control field 01036cam a2200289 a 4500
001 - CONTROL NUMBER
control field 2600298
003 - CONTROL NUMBER IDENTIFIER
control field OSt
005 - DATE AND TIME OF LATEST TRANSACTION
control field 20211208142933.0
008 - FIXED-LENGTH DATA ELEMENTS--GENERAL INFORMATION
fixed length control field 971118s1998 njua b 001 0 eng
010 ## - LIBRARY OF CONGRESS CONTROL NUMBER
LC control number 97047031
020 ## - INTERNATIONAL STANDARD BOOK NUMBER
International Standard Book Number 0138948585
040 ## - CATALOGING SOURCE
Original cataloging agency DLC
Transcribing agency HU
Modifying agency DLC
050 00 - LIBRARY OF CONGRESS CALL NUMBER
Classification number QA278
Item number .M85 1998
082 00 - DEWEY DECIMAL CLASSIFICATION NUMBER
Classification number 519.5/35
Edition number 21
245 00 - TITLE STATEMENT
Title Multivariate data analysis /
Statement of responsibility, etc. Joseph F. Hair, Jr. ... [et al.].
260 ## - PUBLICATION, DISTRIBUTION, ETC.
Place of publication, distribution, etc. Upper Saddle River, N.J. :
Name of publisher, distributor, etc. Prentice Hall,
Date of publication, distribution, etc. c1998.
300 ## - PHYSICAL DESCRIPTION
Extent 1 v. (various pagings) :
Other physical details ill. ;
Dimensions 26 cm.
500 ## - GENERAL NOTE
General note Rev. ed. of: Multivariate data analysis with readings. 4th ed. c1995.
504 ## - BIBLIOGRAPHY, ETC. NOTE
Bibliography, etc. note Includes bibliographical references and index.
650 #0 - SUBJECT ADDED ENTRY--TOPICAL TERM
Topical term or geographic name entry element Multivariate analysis.
9 (RLIN) 3579
700 1# - ADDED ENTRY--PERSONAL NAME
Personal name Hair, Joseph F.
9 (RLIN) 22170
730 0# - ADDED ENTRY--UNIFORM TITLE
Uniform title Multivariate data analysis with readings.
9 (RLIN) 22171
906 ## - LOCAL DATA ELEMENT F, LDF (RLIN)
a 7
b cbc
c orignew
d 1
e ocip
f 19
g y-gencatlg
942 ## - ADDED ENTRY ELEMENTS (KOHA)
Source of classification or shelving scheme Dewey Decimal Classification
Koha item type Books like text book referance book
Suppress in OPAC No
Holdings
Withdrawn status Lost status Source of classification or shelving scheme Damaged status Not for loan Collection code Home library Current library Shelving location Date acquired Total Checkouts Full call number Barcode Date last seen Copy number Price effective from Koha item type
    Dewey Decimal Classification     Reference Wondo Genet Library Wondo Genet Library General Stacks 12/08/2021   519.535 MUL 1998 WGCFNRL00009219 12/08/2021 1 12/08/2021 Books like text book referance book